000 01123nam a2200337Ia 4500
001 Z_7028
003 CHAP
008 220113s9999 xx 000 0 und d
010 _a170301
020 _a978-84-16433-97-1
040 _cCHAP
082 _aC 636.40831 G66
100 _aGonzález Romero, Jaime
_9146596
245 _aInstalaciones, maquinaria y equipos de la explotación ganadera /
_cJaime González Romero
246 _aMF006_2 Instalaciones, maquinaria y equipos de la explotación ganadera
260 _aAntequera, Malaga, España :
_bIC Editorial,
_c
300 _aiii, 317 p.
500 _aEn cubierta: Certificado de profesionalidad AGAP0108- Produccíon porcina de reproducción y cría
503 _aej.1: consumo \ ej.2: consumo
504 _aBibliografía: p. 315 - 317
650 _aAlojamiento de cerdos
_9144384
650 _aCerdos
_921368
650 _aEquipamiento para cuidado de animales
_9146597
650 _aEstructuras e instalaciones agrarias
_9143224
901 _aC 636.40831 G66
902 _aM
910 _a
942 _c1
942 _cc1
999 _c170301
_d170301